| 000 | 00483nam a2200193 a 4500 | ||
|---|---|---|---|
| 001 | 1772189679446 | ||
| 003 | YourLibrary | ||
| 005 | 20260227162635.0 | ||
| 008 | 260227s2005##################000#0#eng## | ||
| 020 | _a9781591023050 | ||
| 082 | 0 | 4 |
_a323.445 _bDAD |
| 100 | 1 |
_aDadge, David, _eauthor. |
|
| 245 | 1 | 0 | _aSilenced : |
| 260 |
_bPyr, _c2005. |
||
| 300 | _a308 pages | ||
| 650 | 0 | _aLanguage Arts & Disciplines. | |
| 942 | _cENGLISH | ||
| 040 |
_aYourLibrary _beng _cYourLibrary |
||
| 999 |
_c616072 _d616072 |
||